000 00379nam a2200133Ia 4500
008 220214s9999 xx 000 0 und d
022 _a0170-0839
245 0 _aPOLYMER BULLETIN
260 _bSpringer International, Berlin
_aGermany
500 _aEnding Volume & Year: 14, 1985
500 _aMissing Volume: 3(1-4);9;11
500 _aStarting Volume & Year: 3, 1980
942 _cBJ
999 _c8403
_d8403